Power and politics in education

Αποθηκεύτηκε σε:
Λεπτομέρειες βιβλιογραφικής εγγραφής
Άλλοι συγγραφείς: Dawkins, David 1939- (Επιμελητής έκδοσης)
Μορφή: Βιβλίο
Γλώσσα:English
Δημοσίευση: London ; New York : Falmer Press, 1991
Σειρά:Deakin studies in education series ; ; 8
Θέματα:
Ετικέτες: Προσθήκη ετικέτας
Δεν υπάρχουν, Καταχωρήστε ετικέτα πρώτοι!

MARC

LEADER 00000nam a2200000 i 4500
001 1/86367
008 981026s1991 eng d
020 |a 1-85000-890-6 
035 |l 10034953 
035 |a 1992  |b 1  |c Χιωτάκης 
040 |a GR-MY-UA  |b gre  |e aacr 
041 0 |a eng 
082 0 |a 379.94  |2 (20) 
245 1 0 |a Power and politics in education /  |c edited by David Dawkins 
260 |a London ; New York :   |b Falmer Press,   |c 1991 
300 |a viii, 290 p.;  |c 24 cm 
490 1 |a Deakin studies in education series  |v ; 8 
504 |a Περιέχει βιβλιογραφικές παραπομπές και ευρετήριο 
650 0 0 |a Education and state  |z Australia. 
650 0 0 |a Politics and education  |z Australia. 
650 0 0 |a Education  |x Social aspects  |z Australia. 
700 1 |a Dawkins, David  |d 1939-  |4 edt 
830 0 |a Deakin studies in education series ;  |v ; 8 
852 |a INST  |b RHODES  |e 19981026  |h 379.94 POW  |p 005400008121  |q 005400008121  |t BK  |y 0 
909 |a Ρ  |b 022824  |c 1992